LIBRARY & INFORMATION CENTRE, KCAET, TAVANUR

ONLINE PUBLIC ACCESS CATALOGUE (OPAC)

Immunology (Including Serology, Immunology and Immunohaematology) (Record no. 14739)

MARC details
000 -LEADER
fixed length control field 00372nam a22001457a 4500
020 ## - INTERNATIONAL STANDARD BOOK NUMBER
ISBN 9788177541748
082 ## - DEWEY DECIMAL CLASSIFICATION NUMBER
Classification number 632.3
Item number JOS/IM
100 ## - MAIN ENTRY--AUTHOR NAME
Personal name Joshi K.R.
100 ## - MAIN ENTRY--AUTHOR NAME
Personal name Osama N.O.
245 ## - TITLE STATEMENT
Title Immunology (Including Serology, Immunology and Immunohaematology)
250 ## - EDITION STATEMENT
Edition statement 5 th
260 ## - PUBLICATION, DISTRIBUTION, ETC. (IMPRINT)
Place of publication Jodhpur
Name of publisher Agrobios (India)
Year of publication 2012
300 ## - PHYSICAL DESCRIPTION
Number of Pages 360
942 ## - ADDED ENTRY ELEMENTS (KOHA)
Koha item type Book Bank scheme for SC students
Holdings
Withdrawn status Lost status Damaged status Collection code Home library Current library Shelving location Date acquired Source of acquisition Cost, normal purchase price Full call number Accession Number Koha item type
        KAUAET KAUAET Scheme 26/08/2016 Dream Tech Publishers & Book Sellers, Trivandrum. 795.00 632.3 JOS/IM BB 284 Book Bank scheme for SC students
free website counter